<?xml version="1.0" encoding="UTF-8"?><?xml-stylesheet type="text/xsl" href="static/style.xsl"?><OAI-PMH xmlns="http://www.openarchives.org/OAI/2.0/" xmlns:xsi="http://www.w3.org/2001/XMLSchema-instance" xsi:schemaLocation="http://www.openarchives.org/OAI/2.0/ http://www.openarchives.org/OAI/2.0/OAI-PMH.xsd"><responseDate>2026-06-05T17:45:29Z</responseDate><request verb="GetRecord" identifier="oai:riuma.uma.es:10630/21051" metadataPrefix="marc">https://riuma.uma.es/rest/oai/request</request><GetRecord><record><header><identifier>oai:riuma.uma.es:10630/21051</identifier><datestamp>2026-02-03T12:54:17Z</datestamp><setSpec>com_10630_19559</setSpec><setSpec>com_10630_3139</setSpec><setSpec>com_10630_10</setSpec><setSpec>col_10630_21006</setSpec></header><metadata><record xmlns="http://www.loc.gov/MARC21/slim" xmlns:dcterms="http://purl.org/dc/terms/" xmlns:doc="http://www.lyncode.com/xoai" xmlns:xsi="http://www.w3.org/2001/XMLSchema-instance" xsi:schemaLocation="http://www.loc.gov/MARC21/slim http://www.loc.gov/standards/marcxml/schema/MARC21slim.xsd">
   <leader>00925njm 22002777a 4500</leader>
   <datafield ind2=" " ind1=" " tag="042">
      <subfield code="a">dc</subfield>
   </datafield>
   <datafield ind2=" " ind1=" " tag="720">
      <subfield code="a">Torrejon-Romero, Andres</subfield>
      <subfield code="e">author</subfield>
   </datafield>
   <datafield ind2=" " ind1=" " tag="260">
      <subfield code="c">2021</subfield>
   </datafield>
   <datafield ind2=" " ind1=" " tag="520">
      <subfield code="a">La necesidad de potenciar la inclusión en las aulas de Educación Infantil, es lo que dio origen a mi Trabajo Final de Grado, cuyo contenido es el objeto del relato que articula este trabajo. Se trató de un una experiencia educativa titulada ''La vuelta al mundo’’ que, asumiendo la metodología de trabajo por proyectos que ya se desarrollaba en el propio centro, incorpora claves para avanzar hacia una práctica educativa inclusiva. Su naturaleza es el rediseño de un proyecto didáctico, entendido a su vez como proceso de investigación, que me permitiera conocer y analizar lo que puede aportar incorporar a un aula de Educación Infantil de 4 años, el Diseño Universal de Aprendizaje (DUA). Este último se presenta como una estrategia metodológica que potencia la inclusión como manera de acoger y respetar a todo el alumnado que da vida a un aula de educación infantil.</subfield>
   </datafield>
   <datafield ind1="8" ind2=" " tag="024">
      <subfield code="a">Torrejón-Romero, A. (2021). Una vuelta a “La vuelta al mundo”, incorporando Diseño Universal de Aprendizaje. Márgenes, Revista de Educación de la Universidad de Málaga, 2(1), 201-219</subfield>
   </datafield>
   <datafield ind1="8" ind2=" " tag="024">
      <subfield code="a">https://hdl.handle.net/10630/21051</subfield>
   </datafield>
   <datafield ind1="8" ind2=" " tag="024">
      <subfield code="a">https://doi.org/10.24310/mgnmar.v2i1.9420</subfield>
   </datafield>
   <datafield tag="653" ind2=" " ind1=" ">
      <subfield code="a">Educación infantil</subfield>
   </datafield>
   <datafield tag="653" ind2=" " ind1=" ">
      <subfield code="a">Educación inclusiva</subfield>
   </datafield>
   <datafield ind2="0" ind1="0" tag="245">
      <subfield code="a">Una vuelta a “La vuelta al mundo”, incorporando Diseño Universal de Aprendizaje</subfield>
   </datafield>
</record>
</metadata></record></GetRecord></OAI-PMH>